000 00593nam a22001937a 4500
005 20251108173152.0
008 250721s2003 xx 000 0 ara d
020 _a9772156822
082 1 4 _aم/780.3/نصا
100 1 _aنصار، زين
245 1 0 _aموسوعة الموسيقا و الغناء في مصر : في القرن العشرين /
264 1 _aالقاهرة :
_bدار غريب للنشر و التوزيع،
_c2003.
300 _a
650 1 7 _aالموسيقى
650 1 7 _aالغناء
650 1 7 _aالموسوعات
942 _2ddc
_cREF
999 _c97661
_d97661